• 首页
  • 本馆介绍
  • 公告通知
  • 最新文献
  • 馆藏检索
  • 电子资源
  • 读者导购
  • 参考咨询
  • 我的图书馆
  • 登录
  • 详细信息显示
  • 放入我的书架
  • 预约/预借图书
  • 作者相关作品
  • 分类相关作品
  • 丛书相关作品
  • 出版社相关作品

书目信息

  • 表格格式
  • 工作单格式
  • 卡片格式
题名:
老兵讲述
    
 
作者: 沈晓昭 , 韩淑芳 主编
分册: 3  
出版信息: 北京   中国文史出版社  2016
页数: 199页
开本: 24cm
丛书名:
单 册:
中图分类: K265.06 , K265.210.6
科图分类:
主题词: 抗日战争--kang ri zhan zheng--中国--史料
电子资源:
ISBN: 978-7-5034-6619-9
000 01280nam0 2200277 450
001 2153133351
005 20211019151029.81
010    @a978-7-5034-6619-9@dCNY25.00
100    @a20160225d2016 em y0chiy0120 ea
101 0  @achi
102    @aCN@b110000
105    @ay z 000yy
106    @ar
200 1  @a老兵讲述@Alao bing jiang shu@h3@f沈晓昭、韩淑芳主编
210    @a北京@c中国文史出版社@d2016
215    @a199页@d24cm
300    @a抗战:刻骨铭心的记忆
314    @a主编:沈晓昭、韩淑芳
330    @a本书是一部“亲历、亲见、亲闻”的“三亲”史料,收录了50余篇“三亲”文章。本书分两篇,人民战争篇收录的文章,真实地反映了共产党在抗战期间坚决依靠人民,充分动员人民。文章内容不仅有共产党基层部队动员组织广大人民群众参加和支持革命战争,人民揭竿而起参加战斗的过程,也有人民采取灵活机动的战略战术,在敌强己弱的条件下,不怕牺牲,坚强团结,从而取得胜利的一次次战斗历程。地方武装篇收录30余篇“三亲”文章,记录了抗战期间,身处各地的地方武装组织基层战士们所见证的地方武装建立、发展并积极投身抗战的历程。
606 0  @a抗日战争@Akang ri zhan zheng@y中国@j史料
690    @aK265.06@v5
690    @aK265.210.6@v3
701  0 @a沈晓昭@Ashen xiao zhao@4主编
701  0 @a韩淑芳@Ahan shu fang@4主编
801  0 @aCN@b百万庄@c20211018
905    @b1310948-951@dK265.210.6@e163:3@f4
    
    老兵讲述.3/沈晓昭、韩淑芳主编.-北京:中国文史出版社,2016
    199页;24cm
    抗战:刻骨铭心的记忆
    
    ISBN 978-7-5034-6619-9:CNY25.00
    本书是一部“亲历、亲见、亲闻”的“三亲”史料,收录了50余篇“三亲”文章。本书分两篇,人民战争篇收录的文章,真实地反映了共产党在抗战期间坚决依靠人民,充分动员人民。文章内容不仅有共产党基层部队动员组织广大人民群众参加和支持革命战争,人民揭竿而起参加战斗的过程,也有人民采取灵活机动的战略战术,在敌强己弱的条件下,不怕牺牲,坚强团结,从而取得胜利的一次次战斗历程。地方武装篇收录30余篇“三亲”文章,记录了抗战期间,身处各地的地方武装组织基层战士们所见证的地方武装建立、发展并积极投身抗战的历程。
●
相关链接 在E读中查询图书 在五车中查询图书 在当当中查询图书 在豆瓣中查询图书


正题名:老兵讲述     索取号:K265.210.6/163:3         预约/预借

序号 登录号 条形码 馆藏地/架位号 状态 备注
1 1310948   213109483   第二样本阅览室/ [索取号:K265.210.6/163:3] 在馆    
2 1310949   213109492   第二借阅区/ [索取号:K265.210.6/163:3] 在馆    
3 1310950   213109508   第二借阅区/ [索取号:K265.210.6/163:3] 在馆    
4 1310951   213109517   第二借阅区/ [索取号:K265.210.6/163:3] 在馆    
唐山师范学院图书馆 欢迎您!
大连网信软件有限公司© 版权所有